| 000 | 00465nam a22001697a 4500 | ||
|---|---|---|---|
| 999 |
_c1917 _d1917 |
||
| 003 | SLTCLib | ||
| 008 | 260114b ce ||||| |||| 00| 0 eng d | ||
| 020 | _a8131407497 | ||
| 041 | _aEnglish | ||
| 082 |
_a658.788 _bTRA |
||
| 100 |
_aKrishna, S. Jaya _eed. _93419 |
||
| 245 |
_aTransportation Management _bImperatives and Best Practices |
||
| 260 |
_aIndia _bThe Icfai University Press _c2007 |
||
| 300 | _a272p. | ||
| 650 | 0 |
_93418 _aTransportation |
|
| 942 |
_2ddc _cMLN |
||
| 945 |
_a3725 _bIshara wickramage _c3725 _dIshara wickramage |
||